000
00273nam a22001097a 4500
999
_c
508606
_d
508606
020
_a
9788125019886
100
_a
S.R. Maheshwari
_9
4039
245
_a
Indian administration
_c
Maheshwari, S.R.
250
_a
6th
260
_a
New Delhi
_b
Orient Blackswan
_c
2012
300
_a
650p.